000 00731nam a22002417a 4500
001 72387
003 UA-OsUOA
005 20220515231511.0
007 ta
008 20110113b un ||||| |||| 00| 0 ukr d
020 _a978-5-7117-0547-5
040 _aUA-OsUOA
_brus
_cUA-OsUOA
_dUA-OsUOA
041 _arus
080 _a82.09(470+571)
090 _a82.09(470+571)
_bП54
100 _aПолянская М.
245 _aФлорентийские ночи в Берлине. Цветаева, лето 1922
260 _aМ.
_bГолос-Пресс
_c2009
300 _a208 с.
650 7 _a82.09 Літературна критика. Літературні дослідження
_2UDC
942 _cBK
_2udc
955 _a2
999 _c358671
_d358671